Lacayo, Robelo y Pastora: fuera del juego /

Gespeichert in:
Bibliographische Detailangaben
1. Verfasser: Fernández Ampié, Guillermo
Format: Text
Tags: Tag hinzufügen
Keine Tags, Fügen Sie den ersten Tag hinzu!

MARC

LEADER 00000 a a2200000 04500
001 45997
003
040 |a CRAI/IIS  |c CRAI/IIS 
100 |a Fernández Ampié, Guillermo  
245 |a Lacayo, Robelo y Pastora:   |b fuera del juego /  |c Guillermo Fernández Ampié  
773 |g volumen16, número397 (1996), páginas 4-5 : foto  
999 |c 18537  |d 18537